000 00205nam a2200097Ia 4500
008 220204s9999 xx 000 0 und d
082 _a82-3
_bHEI
100 _aRobert A
245 0 _aRed planet
942 _cBK
999 _c24837
_d24837